000 00341 a2200145 4500
001 168037
020 _a
040 _cMagnum
100 _aFoucault, Michel
240 1 0 _aHistoria da sexualidade i: a vontade de saber
_lpor
245 1 0 _aHistoria da sexualidade i: a vontade de saber
362 0 _a1899
697 _aGERAL
942 _cBK
999 _c168037
_d168037